Loading...

Veyilinte pusthakam:

Bibliographic Details
Main Author: Ed.Ali Mohahammed
Format: Printed Book
Published: Melepattambi: Department of Arabic; 2019.
Subjects:
LEADER 00430nam a22001337a 4500
082 |a 297.12  |b ALI/V 
100 |a Ed.Ali Mohahammed 
245 |a Veyilinte pusthakam: 
260 |a Melepattambi:  |b Department of Arabic;  |c 2019. 
300 |a 142p. 
650 |a Arabic stories 
942 |c BK 
999 |c 303168  |d 303168 
952 |0 0  |1 0  |4 0  |6 297_120000000000000_ALI_V  |7 0  |9 323696  |a ARA  |b ARA  |d 2020-10-12  |l 0  |o 297.12 ALI/V  |p ARA9060  |r 2020-10-12  |w 2020-10-12  |y BK